00655nam a22002177a 4500999001900000005001700019010001500036020003000051035001400081037001300095082001000108100001800118245005700136260003000193300002100223500000600244700002300250700001800273942002600291952012000317 c179609d17960920210624105753.0 aENG-129519 a978-93-90396-88-7c250.00 aEN-113051 bDBAD/PUB a617.6 aKumar, Neeraj aSmile Design in dentistry/cby Neeraj Kumar et...all bBluerose publishersc2020 a207p.c20cm(pbk) a  akumar, Durga Dutta aShankar, Daya 2ddccENh617.6mKumar 001040708NFICaLbLd2021-06-24eDBAD/PUBg250.00l0o617.6 KumarpEN-113051r2021-06-24 00:00:00t1v250.00yEN